| 000 | 00554nam a2200205 a 4500 | ||
|---|---|---|---|
| 005 | 20240316063731.0 | ||
| 008 | 991125s1979 par 000 0 spa u | ||
| 020 | _a8430107868 | ||
| 035 | _aUPN01000056802 | ||
| 049 | _aCG | ||
| 050 | 4 |
_aB803 _bT5.98 |
|
| 100 | 1 | _aRicoer, Pard | |
| 245 | 1 | 3 |
_aEl tiempo y las filosofías / _cP. Ricoer... [et al.]. |
| 260 |
_aSalamanca (Esp.) : _bSígueme ; _aParís : _bUNESCO, _c1979. |
||
| 300 | _a311 p. | ||
| 440 | 0 |
_aHermeneia ; _v14 |
|
| 650 | 4 |
_aFilosofía _95327 |
|
| 650 | 2 |
_aTiempo _914139 |
|
| 905 | _aLibro | ||
| 999 |
_c56802 _d56802 |
||